A paradise for parasites (Record no. 72365)

MARC details
000 -LEADER
fixed length control field 00972cam a2200193 4500
001 - CONTROL NUMBER
control field ABS66521
008 - FIXED-LENGTH DATA ELEMENTS--GENERAL INFORMATION
fixed length control field 030327n2003 000 0 eng u
035 ## - SYSTEM CONTROL NUMBER
System control number (Sirsi) u121761
100 ## - MAIN ENTRY--PERSONAL NAME
Personal name Harding, C.
245 #2 - TITLE STATEMENT
Title A paradise for parasites
260 ## - PUBLICATION, DISTRIBUTION, ETC.
Date of publication, distribution, etc. 2003
490 ## - SERIES STATEMENT
Series statement Building
Volume/sequential designation 21 March 2003, 37(1)
520 ## - SUMMARY, ETC.
Summary, etc. Criticises the government's approach to the PFI process which has seen complex and adversarial guidelines created to deter all but the largest businesses from involvement. Argues that the principle of PFI is fine but the negotiation and delivery mechanisms are not straightforward enough. For example, London Underground's PPP bids have cost £300m so far with the cost to the client running at £833 000 a week. Questions why the National Audit Office has not investigated some of this excess spending.
590 ## - LOCAL NOTE (RLIN)
Local note ABS
650 ## - SUBJECT ADDED ENTRY--TOPICAL TERM
Topical term or geographic name entry element PFI
650 ## - SUBJECT ADDED ENTRY--TOPICAL TERM
Topical term or geographic name entry element SMALL FIRMS
690 ## - LOCAL SUBJECT ADDED ENTRY--TOPICAL TERM (OCLC, RLIN)
Topical term or geographic name as entry element MANAGEMENT-BUSINESS MANAGEMENT-FINANCIAL MANAGEMENT
942 ## - ADDED ENTRY ELEMENTS (KOHA)
Suppress in OPAC 0
Holdings
Withdrawn status Lost status Source of classification or shelving scheme Damaged status Not for loan Home library Current library Shelving location Date acquired Total Checkouts Full call number Barcode Date last seen Copy number Price effective from Koha item type
    Dewey Decimal Classification     London London Journal article 27/03/2003   ABS66521 121761-1001 06/08/2019 1 06/08/2019 Journal article